MEDIA24 BOEKE BPK (Record no. 690371)

MARC details
000 -LEADER
fixed length control field 00302nam a2200109Ia 4500
008 - FIXED-LENGTH DATA ELEMENTS--GENERAL INFORMATION
fixed length control field 220627s9999 xx 000 0 und d
020 ## - INTERNATIONAL STANDARD BOOK NUMBER
International Standard Book Number <a href="978 0 7981 8053 5">978 0 7981 8053 5</a>
082 ## - DEWEY DECIMAL CLASSIFICATION NUMBER
Classification number AF DEKO
942 ## - ADDED ENTRY ELEMENTS
Creator ID 561
Creator Name John Tresidder
Modifier ID
Modifier Name CRON CRON
100 ## - MAIN ENTRY--PERSONAL NAME
Personal name De Kock, Helene
245 #0 - TITLE STATEMENT
Title MEDIA24 BOEKE BPK
942 ## - ADDED ENTRY ELEMENTS
item type Books
Holdings
Withdrawn status Lost status Damaged status Not for loan Home library Current library Date acquired Cost, normal purchase price Total Checkouts Barcode Date last seen Price effective from item type Public note
        Pullenshope PL (MMID-PLST-PULL) Pullenshope PL (MMID-PLST-PULL) 27.06.2022 306.00   33909 000494 11 5 27.06.2022 27.06.2022 Books PUL0026/20